00726nam a22002057a 450000500170000001000150001702000260003203500140005803700090007208200060008110000170008724500720010425000060017626000480018227000770023030000200030794200200032799900190034795201540036620260529114224.0 aENG-148631 c695.00a9789381017630 aEN-132163 bDBAD aS aChandrakanta aThe Saga of Satisar/cChandrakanta [and] Translated By Ranjana Kaul a1 aNew DelhibZubaan Publishers Pvt. Ltdc2018 bNew Delhie110049a128 B Shahpur Jat, 1st Floormcontact@zubaanbooks.com a561p.c20cm(pb) 2ddccENhNmCHA c216394d216394 001040718FICaDBADbDBADd2026-05-29eDelivery of Books Act Divisiong695.00l0oN CHApEN-132163r2026-05-29 11:42:50t 1v695.00w2026-05-29yEN